| 000 | 00688 a2200229 4500 | ||
|---|---|---|---|
| 003 | MN-UlNLM | ||
| 005 | 20221011112454.0 | ||
| 008 | a130t2004 mp ||||| |||| 00| 0 mon d | ||
| 020 | _a99929-5-908-8 | ||
| 040 | _aМонгол Улсын Үндэсний номын сан | ||
| 084 |
_a86.37 _2NNA _bА 751 _q86 |
||
| 110 | _aАриун бичээс Библийн нийгэмлэг | ||
| 245 | 1 |
_aАриун Библи _bХуучин гэрээ, Шинэ гэрээ |
|
| 260 | 0 |
_c2004 _aУБ |
|
| 300 | _a394х | ||
| 546 | _aMongolia | ||
| 653 | _aШашин | ||
| 740 |
_aХуучин гэрээ _aШинэ гэрээ |
||
| 856 | _aprintbook | ||
| 942 | _cBK | ||
| 999 |
_c63915 _d63915 |
||